On This Day: May 26th II Quiz Stats

 Plays Quiz Updated May 26, 2018

Score 0/7 Timer 03:00
0 Plays Today
Question Answer Wrong Answers
The Supreme Court of the United States rules that Ellis Island, the historic gateway for millions of immigrants, is mainly located in this state, not New York.
1998
New Jersey
88.3%
Connecticut
3.5%
Rhode Island
5.2%
Pennsylvania
1.9%
Cut off and surrounded by German troops, Allied forces begin Operation Dynamo, a massive evacuation from ______ in northern France.
1940
Dunkirk
83.2%
Marseille
10.4%
Nice
4.5%
Genoa
1.5%
This popular English actress, known for playing Bellatrix Lestrange in the ‘Harry Potter’ series, is born.
1966
Helena Bonham Carter
82.6%
Kate Beckinsale
6.5%
Kate Winslet
4.4%
Naomi Watts
5.9%
The impeachment of ______ ends with his acquittal by one vote.
1868
Andrew Johnson
81.7%
Ulysses S. Grant
6.8%
James Buchanan
7.7%
Franklin Pierce
3.6%
The United States and this nation sign the Anti-Ballistic Missile Treaty, though the US eventually withdraws.
1972
Soviet Union
80.5%
France
2.2%
China
5.7%
Iran
10.5%
This US President signs the racially-based Immigration Act of 1924, primarily aimed at further restricting immigration of Southern European and non-white peoples.
1924
Calvin Coolidge
47.5%
Warren G. Harding
24.5%
Woodrow Wilson
19.5%
William Howard Taft
8.1%
Known as H-dagurinn, traffic switches from driving on the left, to driving on the right, overnight on this island nation.
1968
Iceland
38.5%
Japan
20.4%
Malta
20.2%
Ireland
20%

You're not logged in!

Compare scores with friends on all Sporcle quizzes.
OR
Log In

Sporcle TV

Today on Sporcle TV


Watch our educational content, quiz creation guides, and fun videos on Sporcle TV.

Show Comments

Extras

Top Quizzes Today


Score Distribution

Your Account Isn't Verified!

In order to create a playlist on Sporcle, you need to verify the email address you used during registration. Go to your Sporcle Settings to finish the process.

Report this User

Report this user for behavior that violates our Community Guidelines.

Details: